000 00696cam a2200241 4500
001 sa 68018076
003 DLC
005 20260227112708.0
008 710929s1967 ii ab 00010 eng
010 _asa 68018076 //r913
025 _aPL480:I-E-10730
040 _aDLC
_cDLC
_dDLC
043 _aa-ii---
050 0 0 _aDS485.C54
_bT48
100 1 0 _aTewari, V. N.
_q(Vishwa Nath),
_d1936-
245 1 4 _aThe language of Chandigarh
_c[by] V. N. Tewari.
250 _a[1st ed.]
260 0 _aChandigarh,
_bSahitya Sangam
_c[1967]
300 _a80 p.
_billus., map.
_c22 cm.
350 _a4.00
651 0 _aChandīgarh (India)
_xLanguages.
650 0 _aLanguage and languages
_xPolitical aspects.
999 _c88162
_d88162